[Event "Altea Cap Negret op 65+ 1st"]
[Site "Altea"]
[Date "2023.11.16"]
[Round "6"]
[White "Van Caspel, Ruud"]
[Black "Matthews, Gabriel"]
[Result "1/2-1/2"]
[WhiteElo "1967"]
[BlackElo "1812"]
[PlyCount "45"]
[EventDate "2023.11.12"]
[EventType "swiss"]
[EventRounds "8"]
[EventCountry "ESP"]
[SourceTitle "CB49_2023"]
[SourceDate "2023.12.06"]
[SourceVersion "1"]
[SourceVersionDate "2023.12.06"]
[SourceQuality "1"]

1. Nf3 Nf6 2. c4 e6 3. d4 Bb4+ 4. Bd2 Qe7 5. Nc3 b6 6. g3 Bb7 7. Bg2 0-0 8. 0-0 c5 9. a3 Bxc3 10. Bxc3 Ne4 11. Rc1 d6 12. Re1 Nd7 13. Qd3 Nxc3 14. Qxc3 Rad8 15. e4 e5 16. d5 g6 17. Qe3 Kg7 18. Bh3 Bc8 19. b4 h6 20. Nh4 Qg5 21. f4 exf4 22. Qxf4 Ne5 23. Bf1 1/2-1/2

[Event "Altea Cap Negret op 65+ 1st"]
[Site "Altea"]
[Date "2023.11.14"]
[Round "4"]
[White "Matthews, Gabriel"]
[Black "Kovacevic, Slobodan"]
[Result "0-1"]
[WhiteElo "1812"]
[BlackElo "2219"]
[PlyCount "96"]
[EventDate "2023.11.12"]
[EventType "swiss"]
[EventRounds "8"]
[EventCountry "ESP"]
[SourceTitle "CB49_2023"]
[SourceDate "2023.12.06"]
[SourceVersion "1"]
[SourceVersionDate "2023.12.06"]
[SourceQuality "1"]

1. e4 c5 2. Nf3 e6 3. d4 cxd4 4. Nxd4 a6 5. Bd3 Nf6 6. 0-0 d6 7. c4 Nbd7 8. Qe2 g6 9. Nc3 Bg7 10. Rd1 0-0 11. h3 Qc7 12. Be3 b6 13. Rac1 Bb7 14. f3 Rac8 15. b3 Qb8 16. Bb1 Rfe8 17. Qf2 Ba8 18. Nde2 Bf8 19. a4 Be7 20. Bc2 Rc7 21. Kh1 Rcc8 22. Rd2 Red8 23. Rdd1 Re8 24. Rd2 Qc7 25. Bb1 Rb8 26. Rcd1 Red8 27. Bf4 Ne5 28. Be3 Bc6 29. Bd4 Be8 30. Qg1 Nh5 31. Qf2 Nc6 32. Be3 Nf6 33. Rc1 Qb7 34. Rcd1 Nd7 35. Bf4 Nde5 36. Be3 Nb4 37. Bd4 Qc7 38. Rc1 Rdc8 39. Qg1 Nd7 40. Qf2 Nc5 41. Bxc5 bxc5 42. Rb2 Bf6 43. Bc2 Rb6 44. Qe3 Rcb8 45. Bd1 Nc6 46. Rd2 Na5 47. Qd3 Be7 48. f4 R8b7 0-1

[Event "EU-chT Seniors 50"]
[Site "Dresden"]
[Date "2022.11.01"]
[Round "6.4"]
[White "Goecke, Karl Ulrich"]
[Black "Matthews, Gabriel"]
[Result "1/2-1/2"]
[WhiteElo "2126"]
[BlackElo "1732"]
[PlyCount "41"]
[EventDate "2022.10.27"]
[EventType "team-swiss"]
[EventRounds "9"]
[EventCountry "GER"]
[SourceTitle "EXT 2024"]
[Source "ChessBase"]
[SourceDate "2023.10.10"]
[SourceVersion "1"]
[SourceVersionDate "2023.10.10"]
[SourceQuality "1"]
[WhiteTeam "Bielefeld 50"]
[BlackTeam "Ireland 50"]
[WhiteTeamCountry "GER"]
[BlackTeamCountry "IRL"]

1. d4 Nf6 2. Nf3 e6 3. g3 d5 4. Bg2 Bd6 5. 0-0 0-0 6. c4 c6 7. Nfd2 e5 8. dxe5 Bxe5 9. Nf3 Bc7 10. cxd5 Qxd5 11. Nc3 Qxd1 12. Rxd1 Bf5 13. Nd4 Bg6 14. h3 Re8 15. b4 a6 16. Bb2 Nbd7 17. f4 h5 18. f5 Bh7 19. Kf2 Ne5 20. e4 Rad8 21. Kf1 1/2-1/2

[Event "EU-chT Seniors 50"]
[Site "Dresden"]
[Date "2022.10.30"]
[Round "4.4"]
[White "Matthews, Gabriel"]
[Black "Wolf, Volker"]
[Result "0-1"]
[WhiteElo "1732"]
[BlackElo "2220"]
[PlyCount "96"]
[EventDate "2022.10.27"]
[EventType "team-swiss"]
[EventRounds "9"]
[EventCountry "GER"]
[SourceTitle "EXT 2024"]
[Source "ChessBase"]
[SourceDate "2023.10.10"]
[SourceVersion "1"]
[SourceVersionDate "2023.10.10"]
[SourceQuality "1"]
[WhiteTeam "Ireland 50"]
[BlackTeam "Germany 50"]
[WhiteTeamCountry "IRL"]
[BlackTeamCountry "GER"]

1. e4 Nf6 2. e5 Nd5 3. d4 d6 4. c4 Nb6 5. exd6 exd6 6. Nc3 Nc6 7. Be3 Be7 8. Bd3 0-0 9. b3 Bf6 10. Bb1 Re8 11. Nge2 Bg4 12. Qd2 Bxe2 13. Nxe2 d5 14. c5 Nd7 15. b4 a6 16. Bc2 b6 17. 0-0 Nf8 18. Rac1 b5 19. Rb1 g6 20. Rfd1 Ne6 21. a4 Qd7 22. Qc3 Ng7 23. Ng3 h5 24. Ne2 Nf5 25. Bxf5 Qxf5 26. axb5 axb5 27. Ra1 h4 28. h3 Qe4 29. Qb2 Qf5 30. Rxa8 Rxa8 31. Nc3 Rb8 32. Qb3 Ne7 33. Ra1 c6 34. Ra6 g5 35. Qd1 Kg7 36. Nb1 Qc8 37. Ra1 Nf5 38. Qd2 Ra8 39. Ra2 Rxa2 40. Qxa2 Nxd4 41. Bxd4 Bxd4 42. Qd2 Bf6 43. Nc3 Qe6 44. Nd1 Qe5 45. Ne3 Qa1+ 46. Kh2 Be5+ 47. g3 hxg3+ 48. fxg3 Qb2 0-1

[Event "GBR-ch Soanes op 106th"]
[Site "Torquay"]
[Date "2019.07.28"]
[Round "5"]
[White "Matthews, Gabriel"]
[Black "Troughton, Nial"]
[Result "1/2-1/2"]
[WhiteElo "1756"]
[BlackElo "1566"]
[PlyCount "72"]
[EventDate "2019.07.26"]
[EventType "swiss"]
[EventRounds "5"]
[EventCountry "ENG"]
[SourceTitle "EXT 2021"]
[Source "ChessBase"]
[SourceDate "2020.10.23"]
[SourceVersion "1"]
[SourceVersionDate "2020.10.23"]
[SourceQuality "1"]

1. e4 g6 2. d4 Bg7 3. Nc3 d6 4. Be3 a6 5. f4 b5 6. Be2 Bb7 7. Bf3 Nd7 8. e5 Bxf3 9. Qxf3 Nb6 10. 0-0-0 Qd7 11. g4 h5 12. g5 d5 13. Nh3 e6 14. Nf2 Ne7 15. Ne2 Nf5 16. Ng3 Ne7 17. h4 Nc6 18. Nd3 Na5 19. Bd2 Nbc4 20. Bb4 Nb7 21. b3 Nb6 22. Kb1 a5 23. Bc5 Qc6 24. Rhe1 b4 25. Qf2 Nxc5 26. Nxc5 a4 27. Qd2 axb3 28. cxb3 Qb5 29. Rc1 0-0 30. Qe2 Qa5 31. Nh1 Ra7 32. Rc2 Rfa8 33. Rb2 Bf8 34. Rc1 Nc8 35. Rcc2 Ne7 36. Ng3 Qb6 1/2-1/2

[Event "GBR-ch Soanes op 106th"]
[Site "Torquay"]
[Date "2019.07.27"]
[Round "2"]
[White "Matthews, Gabriel"]
[Black "Fowler, David J"]
[Result "1-0"]
[WhiteElo "1756"]
[BlackElo "1620"]
[PlyCount "71"]
[EventDate "2019.07.26"]
[EventType "swiss"]
[EventRounds "5"]
[EventCountry "ENG"]
[SourceTitle "EXT 2021"]
[Source "ChessBase"]
[SourceDate "2020.10.23"]
[SourceVersion "1"]
[SourceVersionDate "2020.10.23"]
[SourceQuality "1"]

1. d4 e6 2. Nf3 c5 3. c3 Nf6 4. Bf4 d5 5. e3 Bd6 6. Ne5 Qc7 7. Nd2 Nbd7 8. Nxd7 Bxd7 9. Bxd6 Qxd6 10. Bd3 b6 11. 0-0 0-0 12. Qe2 Bc6 13. f4 Ne4 14. Rf3 f5 15. Raf1 Rf6 16. Rh3 Raf8 17. Nf3 Qc7 18. Bxe4 dxe4 19. Ne5 cxd4 20. exd4 Rc8 21. c4 Qb7 22. Rc1 Be8 23. Rhc3 Rd8 24. Rd1 Rh6 25. Qc2 Qe7 26. Qf2 Kh8 27. Qe3 Rh5 28. a3 g5 29. fxg5 Rxg5 30. b4 Qg7 31. Rd2 Qf6 32. Qf4 Qg7 33. Rcc2 Ba4 34. Rb2 Rg8 35. Qxg5 Qxg5 36. Nf7+ 1-0

[Event "GBR-ch Soanes op 106th"]
[Site "Torquay"]
[Date "2019.07.27"]
[Round "3"]
[White "Matthews, Gabriel"]
[Black "Jacob, Sydney J"]
[Result "0-1"]
[WhiteElo "1756"]
[BlackElo "1797"]
[PlyCount "130"]
[EventDate "2019.07.26"]
[EventType "swiss"]
[EventRounds "5"]
[EventCountry "ENG"]
[SourceTitle "EXT 2021"]
[Source "ChessBase"]
[SourceDate "2020.10.23"]
[SourceVersion "1"]
[SourceVersionDate "2020.10.23"]
[SourceQuality "1"]

1. d4 c5 2. c3 e6 3. Nf3 d5 4. Bf4 Nc6 5. e3 Nf6 6. Nbd2 cxd4 7. exd4 Nh5 8. Be3 Bd6 9. g3 Nf6 10. h3 0-0 11. Bg2 Ne4 12. Nxe4 dxe4 13. Ne5 f5 14. Nxc6 bxc6 15. Qd2 Ba6 16. Bf1 Qa5 17. Bxa6 Qxa6 18. Bf4 Bxf4 19. Qxf4 Rab8 20. Qc1 Qd3 21. b3 Qf3 22. Rh2 f4 23. gxf4 Rxf4 24. Qe3 Rbf8 25. Rc1 Qxe3+ 26. fxe3 Rf1+ 27. Kd2 R8f2+ 28. Rxf2 Rxf2+ 29. Ke1 Rh2 30. c4 Rxh3 31. Kf2 Rf3+ 32. Ke2 Rf5 33. b4 Rh5 34. a4 Rh2+ 35. Kd1 g5 36. b5 cxb5 37. axb5 Rb2 38. c5 Rxb5 39. c6 Rb8 40. Ke2 Kf7 41. Kf2 Ke7 42. Kg3 h5 43. Ra1 Kd6 44. Rxa7 Kxc6 45. Rg7 Rb5 46. Rg6 Kd6 47. Rh6 g4 48. Rg6 Rf5 49. Kg2 Rf3 50. Rg5 Rxe3 51. Rxh5 Rd3 52. Rg5 Rxd4 53. Rxg4 Rd2+ 54. Kf1 Ke5 55. Rg3 Kf4 56. Ra3 e3 57. Ra8 Ke4 58. Ke1 Rb2 59. Ra7 Rc2 60. Ra8 e2 61. Ra6 e5 62. Ra8 Kd3 63. Rd8+ Ke3 64. Rc8 Rd2 65. Rd8 Rd1+ 0-1

[Event "London Classic U1825 op 10th"]
[Site "London"]
[Date "2018.12.15"]
[Round "3"]
[White "Lettington, David"]
[Black "Matthews, Gabriel"]
[Result "0-1"]
[WhiteElo "1659"]
[BlackElo "1761"]
[PlyCount "136"]
[EventDate "2018.12.14"]
[EventType "swiss"]
[EventRounds "5"]
[EventCountry "ENG"]
[SourceTitle "CBM 187 Extra"]
[Source "ChessBase"]
[SourceDate "2018.11.04"]
[SourceVersion "1"]
[SourceVersionDate "2018.11.04"]
[SourceQuality "1"]

1. Nf3 c5 2. g3 Nc6 3. Bg2 g6 4. 0-0 Bg7 5. c3 e5 6. e4 Nge7 7. d3 0-0 8. Nbd2 d6 9. h3 Rb8 10. Nc4 b5 11. Ne3 Bd7 12. Kh2 Qb6 13. Qe2 a5 14. Bd2 a4 15. a3 Na5 16. Rae1 Bc6 17. Ng4 Qb7 18. Nh4 f5 19. Nh6+ Kh8 20. Bg5 Ng8 21. Nxg8 Kxg8 22. Qe3 Qf7 23. Bh6 f4 24. Bxf4 exf4 25. Qe2 Rbe8 26. Nf3 Qb7 27. g4 Nb3 28. Nd2 Nxd2 29. Qxd2 g5 30. f3 d5 31. Qf2 dxe4 32. dxe4 Qe7 33. Rd1 Rd8 34. Qc2 Rxd1 35. Rxd1 Rd8 36. Rxd8+ Qxd8 37. b3 Qf6 38. bxa4 Qxc3 39. Qd1 Qd4 40. Qb3+ c4 41. Qb1 Qd3 42. Qb4 Bf8 43. Qa5 Qd7 44. axb5 Bxb5 45. Bf1 h6 46. Qc3 Bg7 47. Qb4 Qc6 48. a4 Ba6 49. a5 Be5 50. Qe7 Qd6 51. Qe8+ Kg7 52. Qa4 Qd4 53. Qc6 Qf2+ 54. Bg2 Qg3+ 55. Kh1 Qe1+ 56. Kh2 Qxa5 57. Qd7+ Kf6 58. Qf5+ Ke7 59. Qh7+ Kd6 60. Qxh6+ Kc5 61. Qe6 Kd4 62. Qd7+ Ke3 63. Qd1 Qd2 64. Qg1+ Kd3 65. Qf1+ Kc2 66. Kh1 Qd1 67. Kg1 c3 68. Qxd1+ Kxd1 0-1